000 00521nam a2200169Ia 4500
008 090711s9999 xx 000 0 und d
082 _b53850
100 _aदिघे प्रभाकर तुकाजी
245 _aपंSानामा
260 _c1986
300 _a186
600 _aदिघे प्रभाकर तुकाजी
630 _aपंSानामा
700 _aदिघे प्रभाकर तुकाजी
730 _aपंSानामा
942 _cBOOK
999 _c309924
_d309924